[Event "Open"]
[Site "Vienna AUT"]
[Date "2003.08.16"]
[Round "1"]
[White "Schneider Zinner,H"]
[Black "Hirsch,A"]
[Result "1-0"]
[WhiteElo "2303"]
[BlackElo "2069"]

1.d4 Nf6 2.c4 g6 3.Nc3 d5 4.cxd5 Nxd5 5.e4 Nxc3 6.bxc3 Bg7 7.Nf3 O-O 8.Be3 c5
9.Qd2 Qa5 10.Rc1 cxd4 11.cxd4 Qxd2+ 12.Kxd2 e6 13.Rc7 b6 14.Bb5 a6 15.Bd3 a5
16.Rb1 f5 17.Rxb6 Nd7 18.Rxe6 f4 19.Bc4 fxe3+ 20.fxe3 Kh8 21.Bb5 Nc5 22.Ree7 Ne6
23.Rxc8 Rfxc8 24.Rxe6 a4 25.Kd3 Bf8 26.e5 Kg7 27.Rb6 Rcb8 28.Rxb8 Rxb8 29.Bxa4 Rb2
30.g3 Rxa2 31.Bc6 h6 32.d5 Rf2 33.d6 g5 34.Nd4 Rxh2 35.Ne6+ Kf7 36.Nxf8 Kxf8
37.e6  1-0

[Event "15th Vidmar mem"]
[Site "Terme Zrece SLO"]
[Date "2003.08.18"]
[Round "1"]
[White "Beliavsky,A"]
[Black "Borisek,J"]
[Result "1-0"]
[WhiteElo "2668"]
[BlackElo "2443"]

1.d4 Nf6 2.c4 g6 3.Nc3 d5 4.cxd5 Nxd5 5.e4 Nxc3 6.bxc3 Bg7 7.Bb5+ c6 8.Ba4 a5
9.Nf3 b5 10.Bb3 a4 11.Bc2 Nd7 12.O-O O-O 13.Bg5 Nb6 14.Qc1 Be6 15.Bh6 f6
16.h4 Qd7 17.Re1 Rad8 18.Bf4 Bg4 19.Nh2 Be6 20.Qe3 f5 21.Bh6 fxe4 22.Bxg7 Kxg7
23.Qxe4 Rf6 24.g4 Bf7 25.Qe5 Qd6 26.Be4 Bd5 27.Bd3 Qxe5 28.Rxe5 Kf7 29.Rae1 e6
30.a3 Rf4 31.f3 Ke7 32.Kg2 Rdf8 33.R5e3 Kd6 34.Kg3 R4f7 35.g5 Rf4 36.Be2 c5
37.Bxb5 cxd4 38.cxd4 Rxd4 39.Ng4 Kc5 40.Be2 Rd2 41.Nf6 Kd4 42.Bf1 Rc8 43.Ne4 Rd1
44.Rxd1+ Kxe3  1-0

[Event "ADCF Masters"]
[Site "Abu Dhabi UAE"]
[Date "2003.08.20"]
[Round "5"]
[White "Bakre,T"]
[Black "Vakhidov,T"]
[Result "1/2-1/2"]
[WhiteElo "2434"]
[BlackElo "2528"]

1.d4 Nf6 2.c4 g6 3.Nc3 d5 4.cxd5 Nxd5 5.e4 Nxc3 6.bxc3 Bg7 7.Qa4+ c6 8.Nf3 O-O
9.Bg5 h6 10.Be3 c5 11.Rc1 e6 12.dxc5 Qc7 13.Nd2 Bd7 14.Qa3 Bc6 15.Be2 Nd7
16.O-O Rfd8 17.f3 b6 18.cxb6 axb6 19.Qb2 Qa7 20.Bb5 Bxb5 21.Nc4  1/2-1/2

[Event "Open"]
[Site "Vienna AUT"]
[Date "2003.08.20"]
[Round "5"]
[White "Hansen,Kay"]
[Black "Sand,R"]
[Result "1-0"]
[WhiteElo "2230"]
[BlackElo "2101"]

1.d4 Nf6 2.c4 g6 3.Nc3 d5 4.cxd5 Nxd5 5.e4 Nxc3 6.bxc3 Bg7 7.Bc4 c5 8.Ne2 Nc6
9.Be3 O-O 10.O-O Bg4 11.f3 Na5 12.Bb5 cxd4 13.cxd4 Bd7 14.Rb1 a6 15.Bd3 b5
16.g4 Rc8 17.Bf2 Nc4 18.Ng3 e5 19.d5 Bh6 20.Re1 Qa5 21.Qe2 Qd2 22.Nf1 Qxe2
23.Rxe2 Rc7 24.Rb3 Rfc8 25.Rc2 Bf8 26.Kg2 Na3 27.Rxc7 Rxc7 28.Bg3 f6 29.g5 Kg7
30.gxf6+ Kxf6 31.f4 exf4 32.Bxf4 Rc8 33.e5+ Kg7 34.e6 Be8 35.Be5+ Kg8 36.d6 Bc6+
37.Kg3 Nc4 38.d7 Ra8 39.Bxc4 bxc4 40.Rc3 Bd5 41.Bf6 Bd6+ 42.Kh4 Be5 43.Bxe5 Bxe6
44.Ne3 Bxd7 45.Rxc4 Kf7 46.Bc3 Rc8 47.Rxc8 Bxc8 48.Kg5 h5 49.h4 Be6 50.a3 Bb3
51.Ng2 Bc2 52.Ne1 Be4 53.Kf4 Bb1 54.Nf3 Kg8 55.Kg5 Kh7 56.Kf6 Kg8 57.Ne5 Kh7
58.Kf7 Ba2+ 59.Kf8 Bb3 60.Nf7 g5 61.Nxg5+ Kg6 62.Ke7 Kf5 63.Kd6  1-0

[Event "14th Sommerpokal"]
[Site "Recklinghausen GER"]
[Date "2003.08.21"]
[Round "4"]
[White "Heinicke,W"]
[Black "Nebel,J"]
[Result "1/2-1/2"]
[WhiteElo "2090"]
[BlackElo "2199"]

1.c4 Nf6 2.Nc3 g6 3.d4 d5 4.cxd5 Nxd5 5.e4 Nxc3 6.bxc3 Bg7 7.Bc4 c5 8.Ne2 Nc6
9.Be3 cxd4 10.cxd4 O-O 11.O-O Qa5 12.Rb1 Rd8 13.Qb3 e6 14.Rfd1 Qh5 15.Qc2 a6  1/2-1/2

[Event "Open"]
[Site "Vienna AUT"]
[Date "2003.08.21"]
[Round "6"]
[White "Rogetzer,K"]
[Black "Gerold,A"]
[Result "1-0"]
[WhiteElo "2137"]
[BlackElo "2046"]

1.d4 Nf6 2.c4 g6 3.Nc3 d5 4.cxd5 Nxd5 5.e4 Nxc3 6.bxc3 Bg7 7.Nf3 c5 8.Be3 Qa5
9.Qd2 Nc6 10.Rc1 cxd4 11.cxd4 Qxd2+ 12.Kxd2 O-O 13.d5 Rd8 14.Ke1 Na5 15.Bd3 e6
16.Bg5 f6 17.Bf4 Bd7 18.Bc7 Rdc8 19.Ke2 b6 20.Ba6 Re8 21.d6 e5 22.Rhd1 Bf8
23.Kf1 Bg7 24.Nd2 Bh6 25.Rc3 Rf8 26.Nc4 Nxc4 27.Bxc4+ Kh8 28.Ra3 Bg4 29.f3 Bd7
30.Bd5 Be3 31.Rxe3  1-0

[Event "Open"]
[Site "Vienna AUT"]
[Date "2003.08.22"]
[Round "7"]
[White "Beckhuis,G"]
[Black "Mueller,Ro"]
[Result "1-0"]
[WhiteElo "2320"]
[BlackElo "2148"]

1.d4 Nf6 2.c4 g6 3.Nc3 d5 4.cxd5 Nxd5 5.e4 Nxc3 6.bxc3 Bg7 7.Bc4 c5 8.Ne2 O-O
9.O-O Nc6 10.Be3 Bg4 11.f3 Bd7 12.Rb1 cxd4 13.cxd4 Rc8 14.Bd3 Na5 15.d5 b6
16.Ba6 Rc7 17.Bf4 Rc5 18.Qd3 f5 19.Be3 fxe4 20.fxe4 Rxf1+ 21.Rxf1 Rc7 22.Bg5 Bc8
23.Bxc8 Rxc8 24.Qf3 Qe8 25.Qg4  1-0

[Event "Open"]
[Site "Vienna AUT"]
[Date "2003.08.22"]
[Round "7"]
[White "Schneider Zinner,H"]
[Black "Duesterwald,M"]
[Result "1-0"]
[WhiteElo "2303"]
[BlackElo "2188"]

1.d4 Nf6 2.c4 g6 3.Nc3 d5 4.cxd5 Nxd5 5.e4 Nxc3 6.bxc3 Bg7 7.Be3 c5 8.Nf3 Bg4
9.Qa4+ Nc6 10.Ne5 cxd4 11.Nxc6 Bd7 12.cxd4 Bxc6 13.Bb5 Bxb5 14.Qxb5+ Qd7
15.Qxd7+ Kxd7 16.Kd2 Rhc8 17.Rhc1 e6 18.a4 Bf8 19.Rxc8 Rxc8 20.Rb1 Rc7 21.g4 Kc8
22.Kd3 Bd6 23.h4 Rc6 24.Rb5 Bc7 25.h5 Ra6 26.Rb4 Bd6 27.Rc4+ Kd7 28.d5 gxh5
29.gxh5 Ra5 30.dxe6+ fxe6 31.h6 a6 32.Rc1 Rxa4 33.Rg1 Be5 34.Rg7+ Kc6 35.Rxh7 b5
36.Re7 Kd6 37.Re8 Ra3+ 38.Ke2 Kd7 39.Ra8 Ra1 40.f4 Bc3 41.e5 Rh1 42.h7  1-0

[Event "9th Open"]
[Site "Pilsen-Lobzy CZE"]
[Date "2003.08.24"]
[Round "9"]
[White "Neuman,P"]
[Black "Kalod,R"]
[Result "1/2-1/2"]
[WhiteElo "2438"]
[BlackElo "2435"]

1.d4 Nf6 2.c4 g6 3.Nc3 d5 4.cxd5 Nxd5 5.e4 Nxc3 6.bxc3 Bg7 7.Nf3 c5 8.Rb1 O-O
9.Be2 b6 10.h4 Bg4 11.Be3 e6 12.e5 Nc6 13.h5 gxh5 14.Ng5 cxd4 15.cxd4 Bf5
16.Rxh5 f6 17.g4 fxg5 18.gxf5 Rxf5 19.Bg4 Qd5 20.Qb3 Qxb3 21.Rxb3 h6 22.Bxf5 exf5
23.Rc3 Nb4 24.Rc7 Rd8 25.Bxg5 Rxd4 26.Bf6 Nd3+ 27.Kd2 Nxe5+ 28.Kc3 Rd3+ 29.Kc2 Bxf6
30.f4 Rd7 31.Rc8+ Kg7 32.fxe5 Kg6 33.e6 Re7 34.Rh1 Rxe6 35.Rg8+ Kh7 36.Rg2 Bd4
37.Rd1 Bc5 38.Rd7+ Re7 39.Rxe7+ Bxe7 40.Kd3  1/2-1/2

[Event "II American Continental"]
[Site "Buenos Aires ARG"]
[Date "2003.08.25"]
[Round "7"]
[White "Gulko,B"]
[Black "Pierrot,F"]
[Result "1-0"]
[WhiteElo "2583"]
[BlackElo "2417"]

1.d4 Nf6 2.c4 g6 3.Nc3 d5 4.cxd5 Nxd5 5.e4 Nxc3 6.bxc3 Bg7 7.Bc4 c5 8.Ne2 Nc6
9.Be3 O-O 10.O-O Bd7 11.Rb1 a6 12.d5 Na5 13.Bd3 Qc7 14.c4 Rab8 15.Bf4 Be5
16.Bxe5 Qxe5 17.f4 Qc7 18.Nc3 b5 19.e5 Qd8 20.cxb5 c4 21.Bc2 axb5 22.a3 Qb6+
23.Kh1 Rfd8 24.Qe1 f5 25.Qh4 Qc5 26.Rf3 Be8 27.Rh3 h5 28.Bxf5 b4 29.Be6+ Kg7
30.axb4 Rxb4 31.Rf1 Rdb8 32.f5  1-0

[Event "II American Continental"]
[Site "Buenos Aires ARG"]
[Date "2003.08.27"]
[Round "9"]
[White "Sagalchik,O"]
[Black "Tobares,L"]
[Result "0-1"]
[WhiteElo "2111"]
[BlackElo "2283"]

1.d4 Nf6 2.c4 g6 3.Nc3 d5 4.cxd5 Nxd5 5.e4 Nxc3 6.bxc3 Bg7 7.Bc4 c5 8.Ne2 Nc6
9.Be3 O-O 10.O-O cxd4 11.cxd4 b6 12.Rc1 Bb7 13.f3 Na5 14.Bd3 Qd7 15.Qe1 e6
16.Qg3 Rac8 17.Kh1 Qa4 18.e5 Qa3 19.Rfd1 Rxc1 20.Nxc1 Nc4 21.Bxc4 Qxe3 22.Qe1 Qxe1+
23.Rxe1 Rc8 24.Bb3 Ba6 25.g3 Bb7 26.Kg2 Rc3 27.Rf1 Bh6 28.Ne2 Rd3 29.Bc4 Rd2
30.Kf2 Rc2 31.Bb3 Rb2 32.Ra1 Ba6 33.Bd1 Bd2 34.a4 Bc3 35.Rc1 Bxd4+ 36.Ke1 Bxe5
37.f4 Bd6 38.Rc2 Bb4+ 39.Kf2 Bc5+ 40.Ke1 Rb1 41.Rc1 Rb4 42.Nc3 Rb2 43.Ne2 Bd3
44.Ra1 a5 45.Rc1 Kg7 46.Kf1 Rd2 47.Ke1 Bb4 48.Kf2 Ba3 49.Ra1 Bc5+ 50.Ke1 Rb2
51.Rc1 h5 52.Ra1 f6 53.Rc1 e5 54.Kf1 e4 55.Ke1 Ra2 56.Kf1 g5 57.fxg5 fxg5
58.Ke1 Kf6 59.Kf1 Ke5 60.Ke1 e3 61.Kf1 h4 62.Rc3 Ba6 63.Rc2 Ra1  0-1

[Event "II American Continental"]
[Site "Buenos Aires ARG"]
[Date "2003.08.27"]
[Round "9"]
[White "Morinongeli,M"]
[Black "Ripari,M"]
[Result "0-1"]
[WhiteElo "2143"]
[BlackElo "2319"]

1.d4 Nf6 2.c4 g6 3.Nc3 d5 4.cxd5 Nxd5 5.e4 Nxc3 6.bxc3 Bg7 7.Be3 c5 8.Qd2 Qa5
9.Rc1 e6 10.Nf3 cxd4 11.cxd4 Qxd2+ 12.Kxd2 O-O 13.Rc7 Nc6 14.Bb5 f5 15.exf5 exf5
16.d5 Rd8 17.Ke2 Nb4 18.Bg5 Rxd5 19.Bc4 b5 20.Bb3 a5 21.Rd1 Be6 22.Re7 a4
23.Bxd5 Bxd5 24.Ne5 Nxa2 25.Kd2 b4 26.Nd3 a3 27.Rde1 Bc3+  0-1

[Event "V Open"]
[Site "Sants ESP"]
[Date "2003.09.02"]
[Round "4"]
[White "Hernando Rodrigo,Ju"]
[Black "Antal,Ge"]
[Result "0-1"]
[WhiteElo "2283"]
[BlackElo "2475"]

1.d4 Nf6 2.c4 g6 3.Nc3 d5 4.cxd5 Nxd5 5.e4 Nxc3 6.bxc3 Bg7 7.Nf3 c5 8.Rb1 O-O
9.Be2 cxd4 10.cxd4 Qa5+ 11.Bd2 Qxa2 12.O-O b6 13.Qc1 Qe6 14.Bc4 Qxe4 15.Bxf7+ Rxf7
16.Qxc8+ Rf8 17.Qc4+ e6 18.Rb5 Qc6 19.Qb3 Rc8 20.d5 Qc4 21.Qb1 a6 22.Rxb6 Qxd5
23.Be3 Nd7 24.Rb4 Rab8 25.Rxb8 Rxb8 26.Qc1 Nf8 27.Rd1 Qb3 28.Nd4 Qb2 29.Qc5 Rd8
30.f4 a5 31.Rd2 Qxd2  0-1

[Event "V Open"]
[Site "Sants ESP"]
[Date "2003.09.02"]
[Round "4"]
[White "Hillarp Persson,T"]
[Black "Boix Moreno,D"]
[Result "1-0"]
[WhiteElo "2498"]
[BlackElo "2241"]

1.d4 Nf6 2.c4 g6 3.Nc3 d5 4.cxd5 Nxd5 5.e4 Nxc3 6.bxc3 Bg7 7.Nf3 c5 8.Bc4 O-O
9.h3 Nc6 10.Be3 cxd4 11.cxd4 Na5 12.Be2 b6 13.O-O Bb7 14.Qd3 f5 15.e5 Qd5
16.Bd2 Rac8 17.Rac1 e6 18.Qb5 Qxb5 19.Bxb5 Bd5 20.Ba6 Rxc1 21.Rxc1 h6 22.Bb4 Rd8
23.Rc7 Nc6 24.Bc3  1-0

[Event "56th ch-RUS"]
[Site "Krasnoyarsk RUS"]
[Date "2003.09.05"]
[Round "3"]
[White "Iljushin,A"]
[Black "Yandemirov,V"]
[Result "1/2-1/2"]
[WhiteElo "2553"]
[BlackElo "2478"]

1.d4 Nf6 2.c4 g6 3.Nc3 d5 4.cxd5 Nxd5 5.e4 Nxc3 6.bxc3 Bg7 7.Be3 c5 8.Qd2 Qa5
9.Rb1 b6 10.Rc1 O-O 11.d5 e6 12.Nf3 Rd8 13.Be2 exd5 14.exd5 Bb7 15.c4 Qxd2+
16.Nxd2 Nd7 17.Ne4 Nf6 18.Nc3 Ne8 19.a4 Nd6 20.Bd3 Ba6 21.Nb5 Bxb5 22.axb5 Bd4
23.O-O Bxe3 24.fxe3 Re8 25.Rf3 Kg7 26.Ra1 Re7 27.h3 Rae8 28.e4 Rd7 29.Re3 Re5
30.Re2 Rde7 31.Rae1 Nc8 32.Kf2  1/2-1/2

[Event "12th Monarch Assurance"]
[Site "Port Erin IOM"]
[Date "2003.09.05"]
[Round "9"]
[White "Bae,T"]
[Black "Prasad,D"]
[Result "1/2-1/2"]
[WhiteElo "2366"]
[BlackElo "2407"]

1.d4 Nf6 2.c4 g6 3.Nc3 d5 4.cxd5 Nxd5 5.e4 Nxc3 6.bxc3 Bg7 7.Bc4 O-O 8.Ne2 c5
9.Be3 Nc6 10.O-O Bg4 11.f3 Na5 12.Bd3 cxd4 13.cxd4 Be6 14.Rc1 Bxa2 15.Qa4 Be6
16.d5 Bd7 17.Qb4 b5 18.Nd4 Nc4 19.Bxc4 a5 20.Qa3 bxc4 21.Rxc4 Qe8 22.Rfc1 e6
23.Nc6 f5 24.d6 fxe4 25.Ne7+ Kh8 26.Rxe4 a4 27.Bd4 Bxd4+ 28.Rxd4 Qf7 29.Rc7 Qf6
30.Rb4 Rfd8 31.h3 Ra6 32.Qd3 Ra5 33.Qa3 Ra6 34.Qd3 Ra5 35.Qa3  1/2-1/2

[Event "LXXVII ch-ARG"]
[Site "Tres de Febrero ARG"]
[Date "2003.09.06"]
[Round "4"]
[White "Lafuente,P"]
[Black "Musanti,D"]
[Result "1-0"]
[WhiteElo "2431"]
[BlackElo "2311"]

1.d4 Nf6 2.c4 g6 3.Nc3 d5 4.cxd5 Nxd5 5.e4 Nxc3 6.bxc3 Bg7 7.Be3 c5 8.Qd2 O-O
9.Nf3 Qa5 10.Rc1 e6 11.Bh6 Nc6 12.h4 cxd4 13.Bxg7 Kxg7 14.cxd4 Qxd2+ 15.Kxd2 Rd8
16.Ke3 Bd7 17.Rb1 b6 18.Bd3 Bc8 19.g4 f6 20.g5 f5 21.Rhc1 Bb7 22.Ba6 Bxa6
23.Rxc6 Rac8 24.Rbc1 Rxc6 25.Rxc6 Rc8 26.Rxe6 Rc3+ 27.Kf4 fxe4 28.Ne5 Rc2
29.Re7+ Kg8 30.Ng4 Rxa2 31.Rxa7 Bc4 32.Nf6+ Kf8 33.Nd7+  1-0

[Event "TCh-CRO"]
[Site "Rabac CRO"]
[Date "2003.09.07"]
[Round "1"]
[White "Zaja,I"]
[Black "Vujakovic,B"]
[Result "0-1"]
[WhiteElo "2430"]
[BlackElo "2378"]

1.d4 Nf6 2.c4 g6 3.Nc3 d5 4.cxd5 Nxd5 5.e4 Nxc3 6.bxc3 Bg7 7.Nf3 c5 8.Rb1 O-O
9.Be2 Nc6 10.d5 Bxc3+ 11.Bd2 Bxd2+ 12.Qxd2 Na5 13.h4 Bg4 14.Ng5 Bxe2 15.Kxe2 h6
16.Nf3 Kh7 17.Qc3 b6 18.Ng5+ Kg8 19.h5 hxg5 20.hxg6 fxg6 21.Qh8+ Kf7 22.Qh7+ Kf6
23.Rh3 Qd6 24.Rf3+ Ke5 25.Qg7+ Rf6 26.Rg3 Kd4 27.Rd3+ Kc4 28.Ra3 Raf8 29.Ra4+ Kc3
30.Rc1+ Kb2 31.Rd1 c4 32.Rd2+ Kc3 33.Kd1 Qd7 34.Rc2+ Kd4 35.Ra3 Kc5 36.f3 Qd6
37.Re3 Qe5 38.Qh6  0-1

[Event "ProMoPro Open"]
[Site "Prague CZE"]
[Date "2003.09.08"]
[Round "3"]
[White "Matras,O"]
[Black "Urbanek,S"]
[Result "1-0"]
[WhiteElo "2242"]
[BlackElo "2120"]

1.d4 Nf6 2.c4 g6 3.Nc3 d5 4.cxd5 Nxd5 5.e4 Nxc3 6.bxc3 Bg7 7.Bc4 O-O 8.Ne2 c5
9.O-O Nc6 10.Be3 Qc7 11.Rc1 Rd8 12.f3 Na5 13.Bd3 b6 14.Qd2 Qd7 15.Rfd1 c4
16.Bc2 e5 17.Bg5 f6 18.Be3 Bb7 19.Qe1 Qc7 20.Qh4 Re8 21.Kh1 b5 22.Rd2 Bc6
23.Rcd1 Nb7 24.Qf2 a5 25.h4 Qe7 26.dxe5 fxe5 27.Bg5 Bf6 28.Bxf6 Qxf6 29.h5 Rad8
30.hxg6 Rxd2 31.Rxd2 hxg6 32.Kg1 Rd8 33.Rxd8+ Qxd8 34.Qg3 Qd2 35.Qxg6+ Kf8
36.Qf6+ Kg8 37.Ng3 Qxc2 38.Qxc6 Qxc3 39.Qe6+ Kh7 40.Qf7+ Kh8 41.Qf8+ Kh7
42.Qf7+ Kh8 43.Qf6+  1-0

[Event "14th ch-NATO"]
[Site "Hoevelte DEN"]
[Date "2003.09.09"]
[Round "2"]
[White "Mottais,F"]
[Black "Seel,C"]
[Result "0-1"]
[WhiteElo "2157"]
[BlackElo "2315"]

1.d4 Nf6 2.c4 g6 3.Nc3 d5 4.cxd5 Nxd5 5.e4 Nxc3 6.bxc3 Bg7 7.Bc4 c5 8.Ne2 Nc6
9.Be3 cxd4 10.cxd4 Qa5+ 11.Bd2 Qh5 12.d5 Ne5 13.Bb5+ Bd7 14.Bxd7+ Nxd7 15.Rb1 Qg4
16.Ng3 Qxd1+ 17.Kxd1 h5 18.Be3 b6 19.Rc1 O-O 20.Rc7 Rfd8 21.f4 e6 22.dxe6 Nc5+
23.Ke1 Nxe6 24.Rb7 Rd3 25.Kf2 Rc8 26.Rxa7 Rc2+ 27.Ne2 Bd4  0-1

[Event "56th ch-RUS"]
[Site "Krasnoyarsk RUS"]
[Date "2003.09.10"]
[Round "7"]
[White "Ionov,S"]
[Black "Fominyh,A"]
[Result "1/2-1/2"]
[WhiteElo "2556"]
[BlackElo "2520"]

1.d4 Nf6 2.c4 g6 3.Nc3 d5 4.cxd5 Nxd5 5.e4 Nxc3 6.bxc3 Bg7 7.Nf3 c5 8.Be3 Nc6
9.Qd2 Qa5 10.Rb1 b6 11.Bb5 Bb7 12.O-O O-O 13.d5 Ne5 14.Nxe5 Bxe5 15.Rb3 Bd6
16.c4  1/2-1/2

[Event "TCh-CRO"]
[Site "Rabac CRO"]
[Date "2003.09.10"]
[Round "4"]
[White "Franic,M"]
[Black "Rogulj,B"]
[Result "1-0"]
[WhiteElo "2430"]
[BlackElo "2411"]

1.d4 Nf6 2.c4 g6 3.Nc3 d5 4.cxd5 Nxd5 5.e4 Nxc3 6.bxc3 Bg7 7.Bc4 Qd7 8.Nf3 Nc6
9.O-O O-O 10.Be3 Na5 11.Bd3 b6 12.Qd2 Rd8 13.Bh6 Bh8 14.Rad1 Bb7 15.Qg5 c5
16.h4 cxd4 17.cxd4 Rac8 18.h5 Rc3 19.hxg6 hxg6 20.Rfe1 Bf6 21.Qf4 Bg7 22.Bxg7 Kxg7
23.Ng5 f6 24.d5 Rh8 25.Ne6+ Kg8 26.Bf1 g5 27.Qd2 Rc8 28.e5 Rh6 29.f3 Qa4
30.exf6 exf6 31.Re4 Qd7 32.Nxg5 fxg5 33.Rg4 Rg6 34.Bd3 Rg7 35.Rxg5 Bxd5 36.Rxd5 Qh3
37.Bf5  1-0

[Event "56th ch-RUS"]
[Site "Krasnoyarsk RUS"]
[Date "2003.09.12"]
[Round "9"]
[White "Khalifman,A"]
[Black "Dvoirys,S"]
[Result "1/2-1/2"]
[WhiteElo "2678"]
[BlackElo "2555"]

1.d4 Nf6 2.c4 g6 3.Nc3 d5 4.cxd5 Nxd5 5.e4 Nxc3 6.bxc3 Bg7 7.Bc4 c5 8.Ne2 Nc6
9.Be3 O-O 10.O-O Qc7 11.Rc1 e6 12.Qd2 Na5 13.Bd3 b6 14.Bh6 Bb7  1/2-1/2

[Event "It"]
[Site "Poitou Charentes FRA"]
[Date "2003.09.12"]
[Round "7"]
[White "Gladyszev,O"]
[Black "Picard,R"]
[Result "1/2-1/2"]
[WhiteElo "2455"]
[BlackElo "2244"]

1.d4 Nf6 2.c4 g6 3.Nc3 d5 4.cxd5 Nxd5 5.e4 Nxc3 6.bxc3 Bg7 7.Nf3 c5 8.Rb1 O-O
9.Be2 cxd4 10.cxd4 Qa5+ 11.Bd2 Qxa2 12.O-O Bg4 13.Bg5 h6 14.Be3 Nc6 15.d5 Na5
16.Bc5 b6 17.Bxe7 Rfe8 18.d6 Nc6 19.Bb5 Nxe7  1/2-1/2

[Event "ProMoPro Open"]
[Site "Prague CZE"]
[Date "2003.09.14"]
[Round "9"]
[White "Urbanek,S"]
[Black "Pribyl,Jo"]
[Result "1/2-1/2"]
[WhiteElo "2120"]
[BlackElo "2393"]

1.d4 Nf6 2.c4 g6 3.Nc3 d5 4.cxd5 Nxd5 5.e4 Nxc3 6.bxc3 Bg7 7.Nf3 O-O 8.Rb1 b6
9.Bd3 c5 10.Be3 Bg4 11.Qa4 Nd7 12.O-O cxd4 13.cxd4 Nc5 14.dxc5 Qxd3 15.Rfd1 Qc3
16.Rdc1 Qf6 17.Bd4 Qf4 18.Bxg7 Bxf3 19.Qa3 Kxg7 20.Qxf3 Qxf3 21.gxf3 Rfc8
22.cxb6 Rxc1+ 23.Rxc1 axb6 24.Rc6 Ra6 25.a4 e6 26.Kg2 Kf6 27.Kg3 h5 28.h4 Ke5
29.a5 Rxa5 30.Rxb6 Kf6 31.f4 Ra1 32.Kg2 Re1 33.f3 Rd1 34.Ra6 Ke7 35.Ra7+ Rd7
36.Rxd7+ Kxd7 37.e5 Kc6 38.Kf2 Kb5 39.Ke3 Kc5 40.Kd3 Kd5 41.Ke3 Kc5 42.Kd3 Kb5
43.Ke3 Kc4 44.Ke4 Kc3 45.Ke3 Kc4 46.Ke4 Kc5  1/2-1/2

[Event "TCh-CRO"]
[Site "Rabac CRO"]
[Date "2003.09.15"]
[Round "9"]
[White "Franic,M"]
[Black "Mihalinec,D"]
[Result "0-1"]
[WhiteElo "2430"]
[BlackElo "2207"]

1.d4 Nf6 2.c4 g6 3.Nc3 d5 4.cxd5 Nxd5 5.e4 Nxc3 6.bxc3 Bg7 7.Bc4 O-O 8.Ne2 c5
9.Be3 Nc6 10.O-O Bg4 11.f3 Na5 12.Bd3 cxd4 13.cxd4 Bd7 14.Rc1 b6 15.Qd2 Rc8
16.d5 Re8 17.Ba6 Rxc1 18.Rxc1 Qb8 19.Bf4 Be5 20.Bxe5 Qxe5 21.Qc3 Qg5 22.f4 Qh6
23.Qf3 g5 24.Qg3 g4 25.Rc7 b5 26.Rxd7 Qxa6 27.Qxg4+ Kh8 28.Qf5 Qb6+ 29.Kf1 Nc4
30.Qxf7 Rc8 31.Rxe7 Ne3+ 32.Kf2 Nxd5+ 33.Ke1 Nxe7 34.Qxe7 Qa5+ 35.Kf2 Qxa2
36.Qe5+ Kg8 37.Qg5+ Kh8 38.Qxb5 a5 39.f5 a4 40.Qe5+ Kg8 41.f6 Qf7 42.Nf4 a3
43.Nd5 Kh8 44.Qa1 Rc2+ 45.Ke3 a2 46.g4 Rxh2 47.Kf4 h6 48.Kg3 Re2 49.Kf3 Rc2
50.Ne3 Rc1 51.Qxc1 Qxf6+ 52.Nf5 a1=Q 53.Qc8+ Kh7 54.Qd7+ Kg6 55.Qe8+ Qf7  0-1

[Event "EYb18"]
[Site "Budva YUG"]
[Date "2003.09.20"]
[Round "7"]
[White "Pedersen,C"]
[Black "Borisek,J"]
[Result "0-1"]
[WhiteElo "2271"]
[BlackElo "2443"]

1.d4 Nf6 2.c4 g6 3.Nc3 d5 4.cxd5 Nxd5 5.e4 Nxc3 6.bxc3 Bg7 7.Bc4 O-O 8.Ne2 c5
9.O-O Nc6 10.Be3 Qc7 11.Rc1 Rd8 12.Bf4 e5 13.Bg5 Rd7 14.d5 Na5 15.Bb5 Rd6
16.c4 f5 17.f4 a6 18.Ba4 fxe4 19.Ng3 Bf5 20.fxe5 Bxe5 21.Nxf5 gxf5 22.Rxf5 Rg6
23.Qh5 Qg7 24.Rcf1 Nxc4 25.Rf7 Qxf7 26.Rxf7 Kxf7 27.Qxh7+ Bg7 28.Qh4 Bd4+
29.Kh1 Kg7 30.Qxe4 Rf8 31.Bf4 Nd6 32.Be5+ Bxe5 33.Qxe5+ Kg8 34.g4 Rf1+ 35.Kg2 Rf5
36.Qe2 Rf4 37.Bd7 Re4 38.Qc2 Rf6 39.Be6+ Kg7 40.g5 Rff4 41.Qxc5 Re2+ 42.Kh3 Rfe4
43.Qc3+ Kh7 44.Qc7+ Kg6 45.Bg4 R2e3+ 46.Kg2 Rxg4+ 47.Kf2 Nf5 48.Qb6+ Kxg5
49.Qd8+ Kf4 50.Qc7+ Ke4 51.Qc4+ Ke5 52.Qc7+ Ke4 53.Qxb7 Ke5 54.Qc7+ Ke4 55.Qc2+ Kf4
56.Qc7+ Kg5 57.Qd8+ Re7 58.Qg8+ Rg7 59.Qd8+ Kg6 60.Qb6+ Kh5 61.Qxa6 Re7 62.Qb5 Rf4+
63.Kg2 Kh4 64.h3 Ng3 65.Qb1 Re2+  0-1

[Event "EYb14"]
[Site "Budva YUG"]
[Date "2003.09.21"]
[Round "8"]
[White "Brener,I"]
[Black "Zaslavsky,M"]
[Result "1-0"]
[WhiteElo "2164"]
[BlackElo "2112"]

1.d4 Nf6 2.c4 g6 3.Nc3 d5 4.cxd5 Nxd5 5.e4 Nxc3 6.bxc3 Bg7 7.Be3 c5 8.Qd2 O-O
9.Nf3 Qa5 10.Rc1 Nc6 11.d5 Rd8 12.Bd3 Bg4 13.Ng5 Ne5 14.h3 Nxd3+ 15.Qxd3 Bd7
16.O-O h6 17.Nf3 Bb5 18.c4 Ba6 19.Qd2 Qxd2 20.Nxd2 Rac8 21.Nb3 b6 22.f4 e6
23.Rfd1 Bb7 24.Nd2 exd5 25.exd5 Re8 26.Kf2 Bf8 27.Nf3 Bd6 28.a4 Ba6 29.Nd2 f5
30.Rc3 Kf7 31.g3 Rb8 32.h4 Bc8 33.a5 Bd7 34.axb6 axb6 35.Rb1 b5 36.Ra3 Rb6
37.Nf3 Re7 38.Ne5+ Bxe5 39.fxe5 Rxe5 40.Ra7 Rxe3 41.Kxe3 Ke8 42.cxb5 g5 43.hxg5 hxg5
44.Rh1 Rd6 45.Rh7 Rxd5 46.Ra8+  1-0

[Event "EYb16"]
[Site "Budva YUG"]
[Date "2003.09.22"]
[Round "9"]
[White "Rodic,Do"]
[Black "Nazarov,V"]
[Result "0-1"]
[WhiteElo "2102"]
[BlackElo "2179"]

1.d4 Nf6 2.c4 g6 3.Nc3 d5 4.cxd5 Nxd5 5.e4 Nxc3 6.bxc3 Bg7 7.Bc4 c5 8.Ne2 Nc6
9.Be3 cxd4 10.cxd4 Qa5+ 11.Bd2 Qa3 12.O-O O-O 13.Rb1 Qd6 14.Bc3 b6 15.Kh1 Bb7
16.Qd3 Rfd8 17.Rfd1 Rac8 18.f4 Qb8 19.Bb3 e6 20.Qe3 Ba6 21.Ng3 h5 22.f5 h4
23.fxe6 hxg3 24.exf7+ Kh7 25.e5 Ne7 26.Qxg3 Nf5 27.Qh3+ Nh6 28.e6 Qc7 29.Bc2 Qxc3
30.Qxc3 Rxc3 31.Bb3 Bf8 32.Re1 Rc7 33.d5 Nf5 34.g4 Nd6 35.Rbc1 Rxc1 36.Rxc1 Rc8  0-1

[Event "EYb14"]
[Site "Budva YUG"]
[Date "2003.09.22"]
[Round "9"]
[White "Bronowicki,M"]
[Black "Swinkels,R"]
[Result "0-1"]
[WhiteElo "2146"]
[BlackElo "2171"]

1.d4 Nf6 2.c4 g6 3.Nc3 d5 4.cxd5 Nxd5 5.e4 Nxc3 6.bxc3 Bg7 7.Nf3 c5 8.Rb1 O-O
9.Be2 Nc6 10.d5 Ne5 11.Nxe5 Bxe5 12.Qd2 Bg7 13.f4 e5 14.fxe5 Qh4+ 15.Kf1 f5
16.exf6 Rxf6+ 17.Bf3 Qxe4 18.Rb3 Rxf3+ 19.gxf3 Qxf3+ 20.Kg1 Bh3  0-1

[Event "3rd ch-Euro Senior"]
[Site "Saint Vincent ITA"]
[Date "2003.09.24"]
[Round "8"]
[White "Murey,J"]
[Black "Tseitlin,Ma"]
[Result "1/2-1/2"]
[WhiteElo "2459"]
[BlackElo "2456"]

1.d4 Nf6 2.c4 g6 3.Nc3 d5 4.cxd5 Nxd5 5.e4 Nxc3 6.bxc3 Bg7 7.Bc4 c5 8.Ne2 cxd4
9.cxd4 Nc6 10.Be3 Qa5+ 11.Bd2 Qd8 12.Be3 Qa5+ 13.Bd2 Qd8 14.Be3 Qa5+  1/2-1/2

[Event "12th Monarch Assurance"]
[Site "Port Erin IOM"]
[Date "2003.09.27"]
[Round "1"]
[White "Bae,T"]
[Black "Fairbairn,S"]
[Result "1-0"]
[WhiteElo "2366"]
[BlackElo "2096"]

1.d4 Nf6 2.c4 g6 3.Nc3 d5 4.cxd5 Nxd5 5.e4 Nxc3 6.bxc3 Bg7 7.Bc4 O-O 8.Ne2 Nc6
9.Bg5 Na5 10.Bd3 c5 11.O-O Qc7 12.Rc1 e6 13.Qd2 b6 14.Bh6 Bb7 15.Bxg7 Kxg7
16.Qg5 f6 17.Qe3 Rac8 18.h4 Qf7 19.f3 cxd4 20.cxd4 Rxc1 21.Rxc1 Rc8 22.Rxc8 Bxc8
23.Nf4 Bb7 24.e5 f5 25.Qc1 Qd7 26.Qc7 Qxc7 27.Nxe6+ Kf7 28.Nxc7 Nc6 29.Nb5  1-0

[Event "ECC"]
[Site "Rethymnon GRE"]
[Date "2003.10.01"]
[Round "4"]
[White "Radziewicz,I"]
[Black "Tseitlin,Ma"]
[Result "0-1"]
[WhiteElo "2419"]
[BlackElo "2456"]

1.d4 Nf6 2.c4 g6 3.Nc3 d5 4.cxd5 Nxd5 5.e4 Nxc3 6.bxc3 Bg7 7.Nf3 c5 8.Rb1 O-O
9.Be2 b6 10.O-O Bb7 11.Qd3 e6 12.Bg5 Qd6 13.e5 Qd5 14.Qe3 cxd4 15.cxd4 Nc6
16.a3 Rac8 17.h4 h5 18.Bb5 Rc7 19.Rfc1 Rfc8 20.Bc4 Qd7 21.Bb5 a6 22.Bd3 b5
23.Be4 Na5 24.Bxb7 Rxc1+ 25.Rxc1 Qxb7 26.Rxc8+ Qxc8 27.Be7 Qc2 28.Bc5 Qf5
29.Qc3 Nc4 30.Qb4 Qc2 31.Be7 Bh6 32.Bg5 Bxg5 33.Nxg5 Qd1+ 34.Kh2 Qxd4 35.Nf3 Qf4+
36.Kh3 Qf5+ 37.Kh2 Nxe5 38.Nxe5 Qxe5+ 39.f4 Qd5 40.Qc3 Qe4 41.g3 Qc4 42.Qd2 Qc5
43.Qd3 Kg7 44.Qf3 a5 45.Qe2 b4 46.a4 Qc3  0-1

[Event "FSIM October"]
[Site "Budapest HUN"]
[Date "2003.10.06"]
[Round "3"]
[White "Mensch,E"]
[Black "Kaposztas,M"]
[Result "1-0"]
[WhiteElo "2327"]
[BlackElo "2309"]

1.c4 g6 2.d4 Nf6 3.Nc3 d5 4.cxd5 Nxd5 5.e4 Nxc3 6.bxc3 Bg7 7.Bc4 c5 8.Be3 cxd4
9.cxd4 Nc6 10.Ne2 b5 11.Bb3 O-O 12.O-O e6 13.f3 Na5 14.Qd2 Bb7 15.Bh6 Bxh6
16.Qxh6 Rc8 17.Rfd1 Qb6 18.Kh1 Rfd8 19.h4 Nxb3 20.axb3 Rc2 21.Rd2 Rxd2 22.Qxd2 f5
23.e5 Bd5 24.h5 Rd7 25.Qg5 Qd8 26.Qxd8+ Rxd8 27.h6 Bxb3 28.Rxa7 Bc4 29.Rg7+ Kh8
30.Nf4 Rxd4 31.g3 Rd1+ 32.Kh2 Rd2+ 33.Kg1 Rd1+ 34.Kf2 Rh1 35.Re7 Rxh6 36.Nxe6 Bxe6
37.Rxe6 f4 38.gxf4 Rh2+ 39.Ke3 Rb2 40.Rb6 Rb3+ 41.Kf2 b4 42.Rb7 Rb1 43.e6 Kg8
44.Rb8+  1-0